[Event "Bangkok CC op"]
[Site "Bangkok"]
[Date "2002.12.24"]
[Round "3"]
[White "Michalet, Guy"]
[Black "Bakre, Tejas"]
[Result "0-1"]
[WhiteElo "2214"]
[BlackElo "2452"]
[PlyCount "38"]
[EventDate "2002.12.22"]
[EventType "swiss"]
[EventRounds "7"]
[EventCountry "THA"]
[SourceTitle "EXT 2007"]
[Source "ChessBase"]
[SourceDate "2006.11.23"]
[SourceVersion "1"]
[SourceVersionDate "2006.11.23"]
[SourceQuality "1"]

1. c4 c5 2. Nc3 Nc6 3. g3 g6 4. Bg2 Bg7 5. a3 a6 6. Qa4 Rb8 7. Rb1 Na5 8. d3 b5 9. cxb5 axb5 10. Qf4 e5 11. Qe3 Nb3 12. Bd5 Nd4 13. Qd2 Ne7 14. Bg2 b4 15. axb4 cxb4 16. Nd5 Nxd5 17. Bxd5 Qa5 18. Bg2 Qa2 19. e3 Ne6 0-1

[Event "Syre Memorial op 25th"]
[Site "Issy les Moulineaux"]
[Date "2002.05.09"]
[Round "2"]
[White "Abergel, Thal"]
[Black "Michalet, Guy"]
[Result "1-0"]
[WhiteElo "2330"]
[BlackElo "2200"]
[PlyCount "85"]
[EventDate "2002.05.08"]
[EventType "swiss"]
[EventRounds "7"]
[EventCountry "FRA"]
[SourceTitle "EXT 2004"]
[Source "ChessBase"]
[SourceDate "2003.11.25"]
[SourceVersion "1"]
[SourceVersionDate "2003.11.25"]
[SourceQuality "1"]

1. e4 Nc6 2. d4 e5 3. Nf3 exd4 4. Nxd4 Bc5 5. Nxc6 Qf6 6. Qd2 dxc6 7. Nc3 Bg4 8. Bd3 0-0-0 9. 0-0 Ne7 10. Na4 Bd6 11. Qa5 Qe5 12. Qxe5 Bxe5 13. Be3 Bd4 14. Bxd4 Rxd4 15. Nc5 Kb8 16. f4 Bc8 17. Rae1 b6 18. Nb3 Ra4 19. a3 Rd8 20. Re3 f5 21. c3 c5 22. Bc2 fxe4 23. Nxc5 Nf5 24. Ree1 Ra5 25. Nxe4 Rad5 26. Rf2 h6 27. h3 Ba6 28. g4 Nh4 29. Re3 Bd3 30. Kh2 Bxc2 31. Rxc2 Rd1 32. Kg3 Ng6 33. f5 R1d3 34. Rce2 Ne5 35. Nf2 Rxe3+ 36. Rxe3 Nc4 37. Re7 Rg8 38. Nd3 Rd8 39. Nf4 Nxb2 40. Rxg7 Nd1 41. f6 Nxc3 42. Re7 Kb7 43. f7 1-0

[Event "FRA-chTB 9697"]
[Site "France"]
[Date "1997.??.??"]
[Round "5"]
[White "Barret, Simon"]
[Black "Michalet, Guy"]
[Result "1-0"]
[WhiteElo "2105"]
[BlackElo "2230"]
[PlyCount "67"]
[EventDate "1997.??.??"]
[EventType "team-tourn"]
[EventRounds "7"]
[EventCountry "FRA"]
[SourceTitle "EXT 1999"]
[Source "ChessBase"]
[SourceDate "1998.11.16"]
[SourceVersion "1"]
[SourceVersionDate "1998.11.16"]
[SourceQuality "1"]

1. e4 Nc6 2. Nc3 g6 3. Nf3 Bg7 4. d4 d6 5. h3 e5 6. Bg5 Qd7 7. d5 Nce7 8. Bb5 c6 9. Ba4 f6 10. Bh4 Qc7 11. dxc6 bxc6 12. 0-0 Ba6 13. Re1 0-0-0 14. Bb3 g5 15. Bxg5 fxg5 16. Nxg5 Ng6 17. Ne6 Qe7 18. Nxd8 Kxd8 19. Ne2 h5 20. Ng3 Bc8 21. Qd2 Nf4 22. Rad1 Bf8 23. Qa5+ Ke8 24. Qc3 Qc7 25. Nf5 Nh6 26. Qg3 Rh7 27. Qg5 Nxf5 28. exf5 Nxg2 29. Qg6+ Kd8 30. Rxe5 Qg7 31. Re8+ Kc7 32. Rxf8 Nh4 33. Qxg7+ Rxg7+ 34. Kf1 1-0

[Event "FRA-chTB 9697"]
[Site "France"]
[Date "1997.??.??"]
[Round "6"]
[White "Forintos, Gyozo Victor"]
[Black "Michalet, Guy"]
[Result "1-0"]
[WhiteElo "2400"]
[BlackElo "2230"]
[PlyCount "79"]
[EventDate "1997.??.??"]
[EventType "team-tourn"]
[EventRounds "7"]
[EventCountry "FRA"]
[SourceTitle "EXT 1999"]
[Source "ChessBase"]
[SourceDate "1998.11.16"]
[SourceVersion "1"]
[SourceVersionDate "1998.11.16"]
[SourceQuality "1"]

1. d4 Nc6 2. Nf3 d6 3. g3 g6 4. Bg2 Bg7 5. d5 Nb8 6. c4 Nf6 7. Nc3 Nbd7 8. Nd4 a5 9. e4 Nc5 10. h3 e6 11. 0-0 exd5 12. exd5 0-0 13. Bg5 h6 14. Be3 Re8 15. Qc2 Bd7 16. Rad1 Re7 17. Rfe1 Qf8 18. Ncb5 Qc8 19. Kh2 Qd8 20. b3 Be8 21. a3 Ncd7 22. Bf4 Rxe1 23. Rxe1 Nh5 24. Bd2 Ne5 25. f4 c6 26. dxc6 Nxc6 27. Nf3 Rc8 28. Qd3 Bf8 29. Bc3 Ng7 30. Rd1 Nf5 31. Nd2 Qe7 32. Ne4 Bg7 33. Re1 Qf8 34. Nf6+ Kh8 35. g4 Nb4 36. axb4 Bxb5 37. gxf5 axb4 38. Bxb4 Bxf6 39. cxb5 b6 40. Bxd6 1-0

[Event "FRA-chT"]
[Site "France"]
[Date "1996.??.??"]
[Round "?"]
[White "Roos, Jean Luc"]
[Black "Michalet, Guy"]
[Result "1-0"]
[WhiteElo "2325"]
[BlackElo "2240"]
[PlyCount "75"]
[EventDate "1996.??.??"]
[EventType "team-tourn"]
[EventRounds "11"]
[EventCountry "FRA"]
[SourceTitle "CBM 055 Extra"]
[Source "ChessBase"]
[SourceDate "1997.01.01"]
[SourceVersion "1"]
[SourceVersionDate "1997.01.01"]
[SourceQuality "1"]

1. b3 g6 2. Bb2 Nf6 3. e3 Bg7 4. f4 d6 5. Nf3 e5 6. fxe5 Ng4 7. Bc4 0-0 8. Nc3 dxe5 9. e4 Nc6 10. 0-0 Nd4 11. Ba3 Be6 12. Bxe6 Nxe6 13. h3 Nf6 14. Bxf8 Qxf8 15. Qe1 c6 16. Qf2 Nh5 17. Rad1 b6 18. Ne2 c5 19. Nc3 Qd6 20. Nd5 Rf8 21. Qh4 f6 22. Nh2 Nef4 23. Nxf4 exf4 24. Qe1 Ng3 25. Nf3 Nxf1 26. Qxf1 f5 27. Qc4+ Kh8 28. exf5 Rxf5 29. Re1 Rf8 30. Re4 Qf6 31. Ne5 Qf5 32. Qd5 h6 33. c4 Kh7 34. d3 Qh5 35. Qd7 Qg5 36. Nf3 Qf5 37. Re7 Rf7 38. Rxf7 1-0

[Event "FRA-chT"]
[Site "France"]
[Date "1996.??.??"]
[Round "?"]
[White "Triger, Franck"]
[Black "Michalet, Guy"]
[Result "0-1"]
[WhiteElo "2220"]
[BlackElo "2240"]
[PlyCount "124"]
[EventDate "1996.??.??"]
[EventType "team-tourn"]
[EventRounds "11"]
[EventCountry "FRA"]
[SourceTitle "CBM 055 Extra"]
[Source "ChessBase"]
[SourceDate "1997.01.01"]
[SourceVersion "1"]
[SourceVersionDate "1997.01.01"]
[SourceQuality "1"]

1. e4 c6 2. d4 d5 3. e5 c5 4. Nf3 cxd4 5. Nxd4 Nc6 6. Nxc6 bxc6 7. Be3 e6 8. c3 Bd7 9. Bd3 Qb8 10. f4 Qxb2 11. 0-0 Qxa1 12. Qb3 Nh6 13. Nd2 Qxf1+ 14. Nxf1 c5 15. Qb7 Rd8 16. c4 Be7 17. Bd2 Rc8 18. Ne3 d4 19. Nd1 Bd8 20. Be4 Rc7 21. Qb1 0-0 22. Qb8 Nf5 23. Ba5 Rc8 24. Qxa7 Bxa5 25. Qxa5 Bc6 26. Bxc6 Rxc6 27. g4 Ne3 28. Nxe3 dxe3 29. Qc3 Ra8 30. Qxe3 Rxa2 31. Qb3 Ra8 32. Qb5 Rcc8 33. Qb3 Rcb8 34. Qc3 Ra2 35. Qd3 Rab2 36. Qd1 Ra8 37. Qe1 h6 38. g5 hxg5 39. fxg5 Rc2 40. Qd1 Raa2 41. Qd8+ Kh7 42. g6+ Kxg6 43. Qd3+ Kg5 44. Qe3+ Kf5 45. Qf3+ Kxe5 46. Qg3+ Ke4 47. Qg4+ Kd3 48. Qf3+ Kd4 49. Qf4+ Kc3 50. Qf3+ Kxc4 51. Qe4+ Kc3 52. Qe3+ Kb4 53. Qe4+ c4 54. Qb7+ Kc5 55. Qc7+ Kd5 56. Qd8+ Ke5 57. Qg5+ f5 58. Qg3+ Ke4 59. Qh4+ f4 60. Qh7+ Ke3 61. Qh3+ Kd4 62. Qf1 Rg2+ 0-1

[Event "Cappelle op 11th"]
[Site "Cappelle la Grande"]
[Date "1995.??.??"]
[Round "9"]
[White "Rouneau, Marc"]
[Black "Michalet, Guy"]
[Result "1-0"]
[WhiteElo "2125"]
[BlackElo "2270"]
[PlyCount "97"]
[EventDate "1995.03.??"]
[EventType "swiss"]
[EventRounds "9"]
[EventCountry "FRA"]
[SourceTitle "EXT 1997"]
[Source "ChessBase"]
[SourceDate "1996.11.15"]
[SourceVersion "1"]
[SourceVersionDate "1996.11.15"]
[SourceQuality "1"]

1. e4 Nc6 2. Nf3 d6 3. d4 Nf6 4. Nc3 Bg4 5. d5 Ne5 6. Be3 c6 7. Be2 Nxf3+ 8. Bxf3 Bxf3 9. Qxf3 g6 10. dxc6 bxc6 11. e5 Nd7 12. exd6 Ne5 13. Qe4 Qxd6 14. Rd1 Qe6 15. Bd4 Bg7 16. f4 f5 17. Qe2 Rd8 18. Bxe5 Rxd1+ 19. Nxd1 Bxe5 20. Qxe5 Qxe5+ 21. fxe5 Kf7 22. Nf2 c5 23. b3 c4 24. bxc4 Rc8 25. Kd2 Rxc4 26. Rb1 Ra4 27. Rb2 g5 28. Nd3 h5 29. Ke3 f4+ 30. Kf3 g4+ 31. Kf2 Rc4 32. Ke2 Ke6 33. Kd2 Kf5 34. Rb4 Rxb4 35. Nxb4 Kxe5 36. Nc6+ Kd6 37. Nxa7 e5 38. Nb5+ Kc5 39. Nc3 Kd4 40. Ne2+ Kc4 41. c3 h4 42. a4 f3 43. gxf3 gxf3 44. Nc1 e4 45. Ke3 Kxc3 46. a5 Kc2 47. a6 Kd1 48. a7 Ke1 49. a8Q 1-0

[Event "FRA Cup"]
[Site "Vernont"]
[Date "1994.??.??"]
[Round "?"]
[White "Seret, Jean Luc"]
[Black "Michalet, Guy"]
[Result "1-0"]
[WhiteElo "2445"]
[BlackElo "2275"]
[PlyCount "29"]
[EventDate "1994.??.??"]
[EventType "team-match"]
[EventCountry "FRA"]
[SourceTitle "EXT 2023"]
[Source "ChessBase"]
[SourceDate "2022.10.05"]
[SourceVersion "1"]
[SourceVersionDate "2022.10.05"]
[SourceQuality "1"]
[WhiteTeam "Rouen"]
[BlackTeam "Chess XV"]
[WhiteTeamCountry "FRA"]
[BlackTeamCountry "FRA"]

1. e4 Nc6 2. Nc3 g6 3. g3 Bg7 4. Bg2 e6 5. d3 Nge7 6. Nf3 0-0 7. h4 d5 8. h5 dxe4 9. Nxe4 e5 10. Nfg5 h6 11. hxg6 fxg6 12. Nf3 Bg4 13. Rh4 h5 14. Rxg4 hxg4 15. Nfg5 1-0

[Event "FRA"]
[Site "France"]
[Date "1993.??.??"]
[Round "?"]
[White "Michalet, Guy"]
[Black "Chabanon, Jean Luc"]
[Result "1/2-1/2"]
[WhiteElo "2275"]
[BlackElo "2425"]
[PlyCount "64"]
[EventDate "1993.??.??"]
[EventType "team-tourn"]
[EventRounds "11"]
[EventCountry "FRA"]
[SourceTitle "TD"]
[Source "ChessBase"]
[SourceDate "1994.03.01"]
[SourceVersion "1"]
[SourceVersionDate "1994.03.01"]
[SourceQuality "1"]

1. c4 e5 2. Nf3 Nc6 3. d4 exd4 4. Nxd4 g6 5. e4 Bg7 6. Be3 Nge7 7. Nc3 0-0 8. Be2 d6 9. 0-0 f5 10. f3 fxe4 11. fxe4 Rxf1+ 12. Bxf1 Nxd4 13. Bxd4 Bxd4+ 14. Qxd4 Be6 15. Be2 Nc6 16. Qe3 Qf6 17. Rd1 b6 18. Nd5 Qg7 19. b3 a5 20. Qg3 Nd4 21. Qd3 Bxd5 22. exd5 Re8 23. Bg4 Qf6 24. h3 Nf5 25. Bxf5 Qxf5 26. Qxf5 gxf5 27. Kf2 Kg7 28. Rd4 Kf6 29. g3 h5 30. a4 Re7 31. Rf4 Kg5 32. Rd4 Re5 1/2-1/2

[Event "FRA"]
[Site "France"]
[Date "1993.??.??"]
[Round "?"]
[White "Michalet, Guy"]
[Black "Nataf, Igor Alexandre"]
[Result "0-1"]
[WhiteElo "2275"]
[BlackElo "2090"]
[PlyCount "100"]
[EventDate "1993.??.??"]
[EventType "team-tourn"]
[EventRounds "11"]
[EventCountry "FRA"]
[SourceTitle "TD"]
[Source "ChessBase"]
[SourceDate "1994.03.01"]
[SourceVersion "1"]
[SourceVersionDate "1994.03.01"]
[SourceQuality "1"]

1. d4 Nf6 2. Nf3 g6 3. g3 Bg7 4. Bg2 0-0 5. 0-0 d6 6. Nc3 c5 7. dxc5 dxc5 8. Qxd8 Rxd8 9. Be3 Na6 10. Na4 Nd5 11. Bd2 Bd7 12. Nc3 Ndb4 13. Ne1 Bc6 14. Bxc6 bxc6 15. Bg5 h6 16. Be3 Nd5 17. Nxd5 cxd5 18. Rb1 Rab8 19. b3 d4 20. Bc1 Nb4 21. a3 Nd5 22. Bb2 c4 23. Nf3 cxb3 24. cxb3 Nc3 25. Bxc3 dxc3 26. Rfc1 f5 27. Kf1 g5 28. e3 Rbc8 29. Rc2 e5 30. Rbc1 Rd3 31. Ke2 e4 32. Nd4 Bxd4 33. exd4 Kf7 34. Rf1 Ke6 35. f3 Rxf3 36. Rxf3 exf3+ 37. Kxf3 Kd5 38. Ke3 f4+ 39. gxf4 gxf4+ 40. Kd3 f3 41. Ke3 f2 42. Kxf2 Kxd4 43. Ke2 Re8+ 44. Kd1 Kd3 45. Rg2 Re3 46. Rg3 c2+ 47. Kc1 Rxg3 48. hxg3 Kc3 49. b4 a6 50. g4 Kb3 0-1

[Event "FRA"]
[Site "France"]
[Date "1993.??.??"]
[Round "?"]
[White "Michalet, Guy"]
[Black "Salaun, Yann"]
[Result "1-0"]
[WhiteElo "2275"]
[BlackElo "2370"]
[PlyCount "69"]
[EventDate "1993.??.??"]
[EventType "team-tourn"]
[EventRounds "11"]
[EventCountry "FRA"]
[SourceTitle "TD"]
[Source "ChessBase"]
[SourceDate "1994.03.01"]
[SourceVersion "1"]
[SourceVersionDate "1994.03.01"]
[SourceQuality "1"]

1. d4 Nf6 2. Nf3 g6 3. g3 d5 4. Bg2 Bg7 5. c4 dxc4 6. Na3 c3 7. bxc3 0-0 8. 0-0 c5 9. Nc4 Nc6 10. Bb2 Be6 11. Nce5 Qb6 12. Nxc6 bxc6 13. Qc1 Rab8 14. Ba3 Nd7 15. e3 Qa5 16. Ng5 Bc4 17. Re1 Rfc8 18. Ne4 cxd4 19. cxd4 Bd5 20. Bxe7 Re8 21. Bd6 Rxe4 22. Bxe4 Bxe4 23. Bxb8 Nxb8 24. f4 Nd7 25. Re2 Qh5 26. Rf2 c5 27. Qc4 cxd4 28. exd4 Nb6 29. Qc7 Qd5 30. Qb8+ Bf8 31. Rd1 Nc4 32. Qxa7 Ne3 33. Rc1 h5 34. Rc8 Ng4 35. Qe7 1-0

[Event "FRA-chT"]
[Site "France"]
[Date "1992.??.??"]
[Round "?"]
[White "Michalet, Guy"]
[Black "Sellos, Didier"]
[Result "0-1"]
[WhiteElo "2240"]
[BlackElo "2435"]
[PlyCount "90"]
[EventDate "1992.??.??"]
[EventType "team-tourn"]
[EventRounds "8"]
[EventCountry "FRA"]
[SourceTitle "EXT 1997"]
[Source "ChessBase"]
[SourceDate "1996.11.15"]
[SourceVersion "1"]
[SourceVersionDate "1996.11.15"]
[SourceQuality "1"]

1. Nc3 c5 2. Nf3 Nc6 3. d4 cxd4 4. Nxd4 g6 5. g3 Bg7 6. Nb3 Nf6 7. Bg2 0-0 8. 0-0 d6 9. h3 Be6 10. Be3 Qd7 11. Kh2 Ne5 12. Nd4 Bc4 13. b3 Ba6 14. a4 Rac8 15. Ncb5 b6 16. c4 Bb7 17. Rc1 Bxg2 18. Kxg2 a6 19. Nc3 Qb7+ 20. Kg1 Rfd8 21. f4 Ned7 22. Qe1 e6 23. Qf2 Nc5 24. b4 Ncd7 25. Nb1 Ne4 26. Qg2 d5 27. b5 Ndc5 28. Nc6 Re8 29. cxd5 exd5 30. Nb4 axb5 31. axb5 d4 32. Bd2 Qd7 33. Nc6 Ra8 34. Rc2 d3 35. exd3 Qxd3 36. Bb4 Nxg3 37. Rf3 Qd1+ 38. Kh2 Nf5 39. Rf1 Qd3 40. Bxc5 bxc5 41. b6 Qb5 42. Nc3 Qxb6 43. Rb2 Qc7 44. Nb5 Qxf4+ 45. Kh1 Ne3 0-1

[Event "St Martin op"]
[Site "St Martin"]
[Date "1992.??.??"]
[Round "7"]
[White "Petursson, Margeir"]
[Black "Michalet, Guy"]
[Result "1/2-1/2"]
[WhiteElo "2555"]
[BlackElo "2240"]
[PlyCount "57"]
[EventDate "1992.??.??"]
[EventType "swiss"]
[EventRounds "9"]
[EventCountry "FRA"]
[SourceTitle "TD"]
[Source "ChessBase"]
[SourceDate "1994.03.01"]
[SourceVersion "1"]
[SourceVersionDate "1994.03.01"]
[SourceQuality "1"]

1. c4 g6 2. d4 Bg7 3. Nc3 d6 4. e4 Nc6 5. Be3 e5 6. d5 Nce7 7. g4 f5 8. gxf5 gxf5 9. Qh5+ Ng6 10. exf5 Qh4 11. Qf3 N6e7 12. Bd3 Nh6 13. f6 Bxf6 14. Ne4 Rf8 15. Nxf6+ Rxf6 16. Qg3 Qh5 17. Be2 Qf5 18. Nf3 Ng4 19. Nh4 Qe4 20. Rg1 Nxe3 21. fxe3 Bf5 22. Qg5 Rf8 23. Bh5+ Kd7 24. Nxf5 Rxf5 25. Bg4 Rg8 26. Bxf5+ Nxf5 27. Qxg8 Qxe3+ 28. Kf1 Qf3+ 29. Ke1 1/2-1/2

[Event "FRA-chT"]
[Site "France"]
[Date "1991.??.??"]
[Round "?"]
[White "Dubois, Jean Marie"]
[Black "Michalet, Guy"]
[Result "1/2-1/2"]
[WhiteElo "2285"]
[BlackElo "2220"]
[PlyCount "86"]
[EventDate "1991.??.??"]
[EventType "team-tourn"]
[EventRounds "12"]
[EventCountry "FRA"]
[SourceTitle "TD"]
[Source "ChessBase"]
[SourceDate "1994.03.01"]
[SourceVersion "1"]
[SourceVersionDate "1994.03.01"]
[SourceQuality "1"]

1. e4 c6 2. d4 d5 3. exd5 cxd5 4. c4 Nf6 5. Nc3 g6 6. Nf3 Bg7 7. Be2 0-0 8. 0-0 Nc6 9. Bf4 dxc4 10. Bxc4 Bg4 11. d5 Bxf3 12. Qxf3 Nd4 13. Qd1 Nf5 14. Be5 Nd6 15. Bb3 Rc8 16. Qe2 Qa5 17. Rac1 a6 18. Rc2 b5 19. Bxf6 Bxf6 20. Ne4 Nxe4 21. Qxe4 Rxc2 22. Qxc2 Qb4 23. Rd1 Rd8 24. a3 Qf4 25. Ba2 Kg7 26. g3 Qe5 27. b4 Rd6 28. Qb3 Qe2 29. Rd3 h5 30. h4 Qe1+ 31. Kg2 Qe4+ 32. Rf3 Bd4 33. Qd3 Qe5 34. Rf4 Bb6 35. Re4 Qb2 36. Re2 Qf6 37. Qe4 Rd7 38. Rc2 Qd4 39. Qxd4+ Bxd4 40. Rc6 Rd6 41. Rxd6 exd6 42. Bb3 Kf6 43. f4 Bb2 1/2-1/2

[Event "Paris-ch op"]
[Site "Paris"]
[Date "1991.??.??"]
[Round "4"]
[White "Jaulin, Marc"]
[Black "Michalet, Guy"]
[Result "0-1"]
[WhiteElo "2235"]
[BlackElo "2220"]
[PlyCount "70"]
[EventDate "1991.05.??"]
[EventType "swiss"]
[EventRounds "9"]
[EventCountry "FRA"]
[SourceTitle "TD"]
[Source "ChessBase"]
[SourceDate "1994.03.01"]
[SourceVersion "1"]
[SourceVersionDate "1994.03.01"]
[SourceQuality "1"]

1. e4 c6 2. d4 d5 3. Nc3 dxe4 4. Nxe4 Bf5 5. Ng3 Bg6 6. Bc4 e6 7. Nh3 Bd6 8. Nf4 Qc7 9. Qf3 Nf6 10. 0-0 Nd5 11. Nfh5 0-0 12. Bxd5 cxd5 13. c3 Nc6 14. Bf4 Bxf4 15. Nxf4 Ne7 16. Nxg6 Nxg6 17. a4 b6 18. Qd3 a6 19. Qd2 b5 20. f4 Ne7 21. f5 Nxf5 22. Nxf5 exf5 23. Rxf5 Qd7 24. Qg5 Rad8 25. Raf1 bxa4 26. R1f3 h6 27. Qh5 Qe6 28. Re5 Qg6 29. Rxd5 Rxd5 30. Qxd5 Qb1+ 31. Rf1 Qxb2 32. c4 a3 33. Qa5 Qxd4+ 34. Rf2 Rb8 35. Qe1 a2 0-1

[Event "Paris-ch op"]
[Site "Paris"]
[Date "1991.??.??"]
[Round "5"]
[White "Michalet, Guy"]
[Black "Petit, Eric Thierry"]
[Result "1-0"]
[WhiteElo "2220"]
[BlackElo "2245"]
[PlyCount "82"]
[EventDate "1991.05.??"]
[EventType "swiss"]
[EventRounds "9"]
[EventCountry "FRA"]
[SourceTitle "TD"]
[Source "ChessBase"]
[SourceDate "1994.03.01"]
[SourceVersion "1"]
[SourceVersionDate "1994.03.01"]
[SourceQuality "1"]

1. d4 Nf6 2. c4 c5 3. Nf3 cxd4 4. Nxd4 e5 5. Nb5 d5 6. cxd5 Bc5 7. e3 0-0 8. N5c3 e4 9. Be2 Bf5 10. Nd2 Nbd7 11. Nb3 Bb6 12. g4 Bg6 13. h4 h6 14. g5 hxg5 15. h5 Bh7 16. h6 gxh6 17. Rxh6 Ne5 18. Rh1 Rc8 19. Rg1 g4 20. Bd2 Kh8 21. Rh1 g3 22. fxg3 Bc7 23. Qc2 Nf3+ 24. Kf2 Qd6 25. Rh3 Ng5 26. Rah1 Nxh3+ 27. Rxh3 Kg7 28. Nd4 Qd7 29. Rh4 Rh8 30. Bb5 Qd6 31. Rxh7+ Kxh7 32. Nxe4 Nxe4+ 33. Qxe4+ Qg6 34. Nf5 Bxg3+ 35. Nxg3 Qxe4 36. Nxe4 Rc2 37. Bd3 Rxb2 38. Kf3 Rxa2 39. Nc3+ Kg8 40. Nxa2 Rh2 41. Be2 b5 1-0

[Event "Paris-ch op"]
[Site "Paris"]
[Date "1991.??.??"]
[Round "8"]
[White "Michalet, Guy"]
[Black "Rene, Benoit"]
[Result "1/2-1/2"]
[WhiteElo "2220"]
[BlackElo "2295"]
[PlyCount "22"]
[EventDate "1991.05.??"]
[EventType "swiss"]
[EventRounds "9"]
[EventCountry "FRA"]
[SourceTitle "TD"]
[Source "ChessBase"]
[SourceDate "1994.03.01"]
[SourceVersion "1"]
[SourceVersionDate "1994.03.01"]
[SourceQuality "1"]

1. d4 g6 2. e4 Bg7 3. Nc3 d6 4. Be2 Nc6 5. Be3 Nf6 6. h3 0-0 7. Nf3 e5 8. 0-0 exd4 9. Nxd4 Re8 10. Nxc6 bxc6 11. Bf3 Bd7 1/2-1/2

[Event "Paris-ch op"]
[Site "Paris"]
[Date "1991.??.??"]
[Round "3"]
[White "Van Dongen, Patrick"]
[Black "Michalet, Guy"]
[Result "1-0"]
[WhiteElo "2250"]
[BlackElo "2220"]
[PlyCount "95"]
[EventDate "1991.05.??"]
[EventType "swiss"]
[EventRounds "9"]
[EventCountry "FRA"]
[SourceTitle "TD"]
[Source "ChessBase"]
[SourceDate "1994.03.01"]
[SourceVersion "1"]
[SourceVersionDate "1994.03.01"]
[SourceQuality "1"]

1. e4 c6 2. d4 d5 3. e5 Bf5 4. c4 e6 5. Nc3 dxc4 6. Bxc4 Nd7 7. Nge2 Nb6 8. Bb3 Ne7 9. Ng3 Bg6 10. h4 h6 11. h5 Bh7 12. Rh4 Nf5 13. Nxf5 Bxf5 14. Rf4 Be7 15. Qf3 Bg5 16. Rxf5 exf5 17. Ne4 Be7 18. Qxf5 Nd5 19. Qg4 Qd7 20. Qxg7 0-0-0 21. Bxd5 Qxd5 22. Qg4+ Kb8 23. Be3 Rdg8 24. Qf3 Rh7 25. g3 Rhg7 26. Nd2 Bg5 27. Qxd5 cxd5 28. f4 Be7 29. Bf2 Bb4 30. Ke2 Bxd2 31. Kxd2 Kc8 32. Ke2 Kd7 33. Rc1 b6 34. Kf3 f5 35. exf6 Rf7 36. g4 Rxf6 37. f5 Re8 38. Bg3 Rc6 39. Rxc6 Kxc6 40. Bf4 Rh8 41. Be5 Rg8 42. Bf6 Kd7 43. g5 Rf8 44. Kg4 Rg8 45. g6 Rc8 46. Bg7 Rc4 47. Bxh6 Rxd4+ 48. Kg5 1-0

[Event "Toulouse op"]
[Site "Toulouse"]
[Date "1990.??.??"]
[Round "2"]
[White "Avshalumov, Alex"]
[Black "Michalet, Guy"]
[Result "1-0"]
[WhiteElo "2450"]
[BlackElo "2210"]
[PlyCount "57"]
[EventDate "1990.??.??"]
[EventType "swiss"]
[EventRounds "9"]
[EventCountry "FRA"]
[SourceTitle "EXT 1997"]
[Source "ChessBase"]
[SourceDate "1996.11.15"]
[SourceVersion "1"]
[SourceVersionDate "1996.11.15"]
[SourceQuality "1"]

1. d4 Nf6 2. c4 e6 3. Nc3 Bb4 4. Qc2 0-0 5. Bg5 c5 6. e3 Qa5 7. Bxf6 Bxc3+ 8. bxc3 gxf6 9. Bd3 cxd4 10. exd4 Qh5 11. Ne2 Qh6 12. 0-0 Nc6 13. Rfe1 Ne7 14. Be4 d5 15. cxd5 exd5 16. Bf3 Be6 17. g3 Rfc8 18. Qb3 Rc7 19. Nf4 Rac8 20. Re3 b6 21. Rae1 Rc4 22. Nxe6 fxe6 23. Rxe6 Rxc3 24. Rxe7 Rxb3 25. Bxd5+ Kh8 26. Re8+ Kg7 27. Rxc8 Qd2 28. Re7+ Kh6 29. Bxb3 1-0

[Event "Paris-ch op"]
[Site "Paris"]
[Date "1990.??.??"]
[Round "?"]
[White "Bouton, Christophe"]
[Black "Michalet, Guy"]
[Result "1/2-1/2"]
[WhiteElo "2275"]
[BlackElo "2210"]
[PlyCount "67"]
[EventDate "1990.05.??"]
[EventType "swiss"]
[EventRounds "9"]
[EventCountry "FRA"]
[SourceTitle "EXT 1997"]
[Source "ChessBase"]
[SourceDate "1996.11.15"]
[SourceVersion "1"]
[SourceVersionDate "1996.11.15"]
[SourceQuality "1"]

1. c4 f5 2. Nc3 Nf6 3. g3 g6 4. Bg2 Bg7 5. d3 d6 6. e3 e5 7. Nge2 Nc6 8. Rb1 a5 9. a3 0-0 10. b4 axb4 11. axb4 g5 12. b5 Ne7 13. f4 h6 14. 0-0 Rb8 15. Nd5 Be6 16. Nec3 Ng6 17. Nxf6+ Qxf6 18. Nd5 Qf7 19. fxg5 hxg5 20. e4 f4 21. Qh5 c6 22. Qxg6 Qxg6 23. Ne7+ Kh7 24. Nxg6 Kxg6 25. Ba3 c5 26. Ra1 g4 27. Rfb1 f3 28. Bf1 Bh6 29. Bc1 Bxc1 30. Rxc1 Kf6 31. Ra3 Ke7 32. Rca1 Kd7 33. R1a2 Kc7 34. Ra4 1/2-1/2

[Event "FRA-chT"]
[Site "France"]
[Date "1990.??.??"]
[Round "?"]
[White "Brionne, Thierry"]
[Black "Michalet, Guy"]
[Result "1/2-1/2"]
[WhiteElo "2205"]
[BlackElo "2210"]
[PlyCount "87"]
[EventDate "1990.??.??"]
[EventType "team-tourn"]
[EventRounds "11"]
[EventCountry "FRA"]
[SourceTitle "EXT 2000"]
[Source "ChessBase"]
[SourceDate "1999.11.16"]
[SourceVersion "1"]
[SourceVersionDate "1999.11.16"]
[SourceQuality "1"]

1. d4 Nf6 2. c4 e6 3. Nc3 Bb4 4. e3 b6 5. Bd3 Bb7 6. Nf3 Ne4 7. 0-0 Bxc3 8. bxc3 0-0 9. Nd2 f5 10. f3 Nxd2 11. Qxd2 Nc6 12. e4 fxe4 13. Bxe4 Na5 14. Bxb7 Nxb7 15. Re1 Qf6 16. Qd3 Qf5 17. Qe2 Rae8 18. a4 d6 19. Ba3 c5 20. Rad1 Rf7 21. Bc1 Na5 22. Be3 h6 23. Bf2 e5 24. dxc5 dxc5 25. Rd5 Rfe7 26. Bg3 Qg6 27. Bxe5 Qc6 28. Qa2 Qb7 29. f4 Qa6 30. Re4 Nc6 31. g3 Nxe5 32. Rexe5 Rxe5 33. fxe5 Qc8 34. Qd2 Qf5 35. Rd8 Qxe5 36. Qd5+ Kh7 37. Qxe5 Rxe5 38. Rd7 a5 39. Rd6 Re4 40. Rxb6 Rxc4 41. Rb5 Rxa4 42. Rxc5 Ra1+ 43. Kg2 a4 44. Ra5 1/2-1/2

[Event "Paris-ch op"]
[Site "Paris"]
[Date "1990.??.??"]
[Round "?"]
[White "Cairou, Yannick"]
[Black "Michalet, Guy"]
[Result "0-1"]
[WhiteElo "2250"]
[BlackElo "2210"]
[PlyCount "74"]
[EventDate "1990.05.??"]
[EventType "swiss"]
[EventRounds "9"]
[EventCountry "FRA"]
[SourceTitle "EXT 1997"]
[Source "ChessBase"]
[SourceDate "1996.11.15"]
[SourceVersion "1"]
[SourceVersionDate "1996.11.15"]
[SourceQuality "1"]

1. d4 Nf6 2. c4 e6 3. Nc3 Bb4 4. Qc2 d6 5. f3 Nc6 6. e3 0-0 7. Bd2 e5 8. Nge2 d5 9. dxe5 Nxe5 10. cxd5 Nxd5 11. 0-0-0 Nb6 12. Nb5 Bxd2+ 13. Rxd2 Bd7 14. Ng3 a6 15. Nd4 g6 16. Be2 c5 17. Nb3 c4 18. Nc5 Rc8 19. Nge4 f5 20. Rxd7 Nbxd7 21. Ne6 Qb6 22. Nxf8 Qxe3+ 23. Qd2 Qxd2+ 24. Kxd2 Kxf8 25. Nf2 b5 26. Rc1 Nb6 27. Kc2 Nd5 28. g3 Rd8 29. f4 Ne3+ 30. Kb1 Rd2 31. Re1 N5g4 32. Bxg4 Rxf2 33. Rxe3 fxg4 34. Re6 Rxh2 35. Rxa6 Rg2 36. Ra5 Rxg3 37. Rxb5 h5 0-1